000
00284nam a2200121 a 4500
008
101214s1989|||| d
100
1
_a
Vysockí, Vladimír
245
1
0
_a
Človek. Poet. Akter
260
_b
Progres
_a
Moskva
_c
1989
041
_a
rus
044
_a
xo
_c
SK
020
_c
15,50
999
_c
15247
_d
15247